书目信息 |
| 题名: |
奠基陈桥驿:赵匡胤的治国谋略
|
|
| 作者: | 雷家宏 著 | |
| 分册: | ||
| 出版信息: | 北京 华夏出版社 2000.02 |
|
| 页数: | 278页 | |
| 开本: | 32开 | |
| 丛书名: | ||
| 单 册: | ||
| 中图分类: | D691 | |
| 科图分类: | ||
| 主题词: | 政治--中国 | |
| 电子资源: | ||
| ISBN: | 7-5080-2111-8 | |
| 000 | 00581nam0 2200193 45 | |
| 001 | 0012181787 | |
| 005 | 20001218172716.9 | |
| 010 | @a7-5080-2111-8@d15.00元 | |
| 100 | @a20001218d2000 km y0chiy0120 ea | |
| 101 | 0 | @achi |
| 105 | @a z 000yy | |
| 200 | 1 | @a奠基陈桥驿:赵匡胤的治国谋略@ADian Ji Chen Qiao Yi:Zhao Kuang Yin De Zhi Guo Mou Lue@f雷家宏著@FLei Jia Hong Zhu |
| 210 | @a北京@c华夏出版社@d2000.02 | |
| 215 | @a278页@d32开 | |
| 606 | 0 | @a政治@x中国 |
| 690 | @aD691@v3 | |
| 701 | 0 | @a雷家宏@4著 |
| 801 | @aCN@bPftUser@c20001218 | |
| 905 | @b307972-974@dD691@eY.870/2@f3 | |
| 奠基陈桥驿:赵匡胤的治国谋略/雷家宏著.-北京:华夏出版社,2000.02 |
| 278页;32开 |
| ISBN 7-5080-2111-8:15.00元 |
| ● |
| 相关链接 |
|
|
|
正题名:奠基陈桥驿:赵匡胤的治国谋略
索取号:D691/Y.870/2
 
预约/预借
| 序号 | 登录号 | 条形码 | 馆藏地/架位号 | 状态 | 备注 |
| 1 | 307972 | 203079729 | 社科库509/509社科库 77排3列5层/ [索取号:D691/Y.870/2] | 在馆 | |
| 2 | 307973 | 203079738 | 社科库509/509社科库 77排3列5层/ [索取号:D691/Y.870/2] | 在馆 | |
| 3 | 307974 | 203079747 | 社科库509/509社科库 77排3列5层/ [索取号:D691/Y.870/2] | 在馆 |